000 00385nam a2200145Ia 4500
008 210716s1994 xx 000 0 und d
020 _a818634005X
041 _aeng
082 _a003.57 TRAC
100 _aTrace Corel; Corelmosaic.
245 _aCoreldraw 4.
_bVisual quick start guide.
250 _a1
260 _aNew Delhi
_bGalgotia Publications Ltd
_c1994
300 _aIX,350,5
999 _c182916
_d182916